Rubber Production and management in the philippines (Record no. 44528)

MARC details
000 -LEADER
fixed length control field 00606nam a2200193Ia 4500
020 ## - INTERNATIONAL STANDARD BOOK NUMBER
ISBN 9789718676424
082 ## - DEWEY DECIMAL CLASSIFICATION NUMBER
Classification number NR:338.3 (599)
Item number RUB
245 #0 - TITLE STATEMENT
Title Rubber Production and management in the philippines
260 ## - PUBLICATION, DISTRIBUTION, ETC. (IMPRINT)
Place of publication DA-Bereau of Agricultural Research- University of Southern Mindanao
Name of publisher Philippines
Year of publication 2012
650 ## - SUBJECT ADDED ENTRY--TOPICAL TERM
Topical Term Inter cropping
650 ## - SUBJECT ADDED ENTRY--TOPICAL TERM
Topical Term Latex Harvesting
650 ## - SUBJECT ADDED ENTRY--TOPICAL TERM
Topical Term Philippine Rubber Clones
650 ## - SUBJECT ADDED ENTRY--TOPICAL TERM
Topical Term Plantation establishment
650 ## - SUBJECT ADDED ENTRY--TOPICAL TERM
Topical Term Rubber Diseases
650 ## - SUBJECT ADDED ENTRY--TOPICAL TERM
Topical Term Rubber Industry
650 ## - SUBJECT ADDED ENTRY--TOPICAL TERM
Topical Term Weed Management
942 ## - ADDED ENTRY ELEMENTS (KOHA)
Koha item type Books
Holdings
Withdrawn status Lost status Damaged status Not for loan Home library Current library Date acquired Source of acquisition Full call number Accession Number Koha item type
        RRII Library RRII Library 16/12/2021 Gift NR:338.3 (599) RUB G01272 Books